000 00550cam a2200205ua 4500
001 12816
008 160404n II |||gr||||Z||||||eng
040 _aMAIN
041 _aEnglish
082 _a515 RUD
100 _aRUDIN, WALTER.
245 _aPRINCIPLES OF MATHEMATICAL ANALYSIS
250 _a3RD.
260 _aLONDON:
_bMCGREW HILL BOOK,
_c1976.
300 _a342:
_c24CM.
500 _aDonated by Mrs.Sangeeta Das Baruah, lib.Asstt. Sib.Girls` College Library
653 _aAnalysis
700 _aRUDIN, WALTER.,
_eAUTHOR.
942 _cBK
999 _c12703
_d12703